000 00982nam a2200325Ia 4500
001 Para_6320
003 CHAP
008 220125s1978 xx 000 0 und d
010 _a205051
040 _cCHAP
090 _aPA FOLLETO 410
100 _aDe Barjac, H.
_9170998
245 _aBacilus thuringiensis (Sh14) /
_c by H. De Barjac
260 _aToluca, Méx. :
_b UAEM.WHO
300 _a57 p.
440 _aSerie ecológica; 1
_9170999
500 _aInformación técnica sobre el agente de control biológico
650 _aBacillus thuringiensis
_99298
650 _aBacteriología agrícola
_99337
650 _aControl biológico
_9143296
710 _aOrganización Mundial de la Salud
_983555
710 _aUniversidad Autónoma del Estado de México
_9116362
901 _aPA FOLLETO 410
902 _aA
905 _a0000001978 0000000000 00
910 _a1978
942 _cPARA
942 _cPARA
_d1
999 _c205051
_d205051